000 00263nam a2200097Ia 4500
082 _aJ ST 912.014 ROSS
245 0 _aBasic mapwork skills
100 _a ROSS, Simon Cheltenham, 2003
_995967
942 _cBK
008 210817s9999 xx 000 0 und d
999 _c401316
_d401315